000 00973nas a2200313 4500
001 BR2018000658
003 BR-BrBNA
005 20231205131256.0
007 ta
008 230509b bl.|||p| |||| 00| 00por d
040 _aBR-BrBNA
_bpor
_cBiblioteca Nacional de Agricultura
041 _a(Pt)
072 _aL53
100 1 _aRibeiro, V.M.F.
100 1 _aRumpf, R.
110 1 _aSatrapa, R.
110 1 _aSatrapa, R.A.
110 1 _aRazza, E.M.
110 1 _aCarneiro Júnior, J.M.
110 1 _aPortela, M. do C.
245 1 _aQuadro citológico vaginal, concentração plasmática de progesterona durante a gestação e medidas fetais em paca (Cuniculus paca Linnaeus, 1766)
650 _aPACA
650 _aPRENHEZ
650 _aPROGESTERONA
650 _aANIMAL SELVAGEM
773 0 _tActa Amazônica (Brazil)
_xISSN 0044-5967
_g(Sep 2012), v. 42(3) p. 445-454
_wBR2018000658
909 _a202311
_bLúcia
_c55
_dLúcia Elande
942 _2AGRIS
_n0
_cANA
999 _c253924
_d253924